| 000 | 01235naa a22003377a 4500 | ||
|---|---|---|---|
| 001 | BR7908062 | ||
| 003 | BR-BrBNA | ||
| 005 | 20240918174520.0 | ||
| 007 | ta | ||
| 008 | 230509b bl.||||| |||| 00| 0 por d | ||
| 040 |
_aBR-BrBNA _bpor _cBiblioteca Nacional de Agricultura |
||
| 041 | _a(Pt) | ||
| 072 |
_aF00; N10 _b0150 _b3575 _b4440 _bG514 |
||
| 090 | _aF00 BR7908062 | ||
| 100 | 1 | _aSartori, M.R. | |
| 100 | 1 | _aMiorim, A.L. | |
| 111 | 1 |
_a1. Reuniao de Tecnicos em Rizicultura do Estado de Sao Paulo _cCampinas, SP (Brazil) _d5 Mar 1979 |
|
| 245 | 1 | _aArmazenamento de arroz-semente em armazem inflavel [instalacao agricola, conservacao, Brasil] | |
| 260 | 3 |
_aCampinas, SP (Brasil): _c1979. |
|
| 500 | _aAnais da 1. Reuniao de Tecnicos em Rizicultura do Estado de Sao Paulo Campinas, SP (Brasil): 1979. p. 53-59 (BR7908062-AM)F00 | ||
| 650 | _aARROZ | ||
| 650 | _aSEMENTE | ||
| 650 | _aARMAZEM | ||
| 650 | _aARMAZEM INFLAVEL | ||
| 650 | _aARMAZENAMENTO | ||
| 650 | _aCONSERVACAO | ||
| 650 | _aTEOR DE UMIDADE | ||
| 773 | 0 |
_tAnais da 1. Reuniao de Tecnicos em Rizicultura do Estado de Sao Paulo _wF00 BR7908062 _gCampinas, SP (Brasil), 1979. p. 53-59 |
|
| 909 |
_a202404 _bLucia _c55 _dLucia Elande |
||
| 942 |
_cAM _2AGRIS |
||
| 999 |
_c311713 _d311713 |
||